000 00763nam a2200265Ia 4500
003 OSt
005 20220928112432.0
006 a|||||r|||| 00| 0
007 ta
008 220927b |||||||| |||| 00| 0 eng d
020 _cUS Dollor 28.95
024 _a136747
037 _bGift, 30/01/2018,
_cTextual
040 _aSDCL
_cSDCL
_beng
041 _2eng
_aeng
082 _aB33,2:1, M4
100 _aAubin Jean-Pierre
_9387554
245 0 _aApplied nonlinear analysis
260 _aNew York
_b Dover Publications
_c1984
300 _aix,518p.
_ccm.
650 _aGift
_9391569
700 _a Ekeland Ivar
_9427908
942 _hB33,2:1, M4
_cTEXL
_2CC
999 _c744622
_d744622